00466nam a2200157Ia 4500100002400000650002700024942000700051654002600058245002600084260003200110082001900142300000800161546001200169999001700181952011000198 aMillman/J/ Halkias  aElectrical Engineering cBK aIntegrated Electronic aIntegrated Electronic bMcGraw HillaAucklandc1972 a621.3bMil/Hal a911 aENGLISH c20480d20480 001040708AFTaCRCEbCRCEc1551 | 24d2023-03-17l0o621.3 Mil/HalpAFT6916r2023-03-17w2023-03-17yBK